00568nam a2200181Ia 450000500170000000800410001708200150005810000190007324500830009226000400017530000180021565000110023365000100024465000140025494200060026895200970027499900150037120240424023549.0240331s9999 xx 000 0 und d bKABa331.4 aKabeer, Naila. 0aReversed realities :bgender hierarchies in development thoughtcNaila Kabeer. aNew Delhi :bKali for Women /c1995 axix, 346 p ., aGender aWomen aEconomics cL 001040708LaWERCLbWERCLcSSCd2024-03-31l0o 331.4 KABp2119r2024-03-31w2024-03-31yL c2622d2622